|
|
|
|
| LEADER |
01093ncm a2200337 a 4500 |
| 001 |
000837973 |
| 003 |
CZ BrMZK |
| 005 |
20180924133609.0 |
| 007 |
qu |
| 008 |
070116s2000 xr zzaeg d |
| 028 |
0 |
0 |
|a S 002
|b Michal Steranka
|
| 040 |
|
|
|a BOA001
|b cze
|
| 048 |
|
|
|a of01
|
| 072 |
|
7 |
|a 788
|x Hudba pro dechové nástroje
|2 Konspekt
|9 9
|
| 080 |
|
|
|a 785.12
|2 MRF
|
| 080 |
|
|
|a 785.12.085.2
|2 MRF
|
| 080 |
|
|
|a 78.087
|2 MRF
|
| 100 |
1 |
|
|a Volf, Jiří,
|d 1945-
|7 jn19981002348
|4 cmp
|
| 245 |
1 |
0 |
|a Expres
|h [hudebnina] :
|b solo pro tři trubky : kvapík /
|c Jiří Volf
|
| 254 |
|
|
|a Hlasy
|
| 260 |
|
|
|a Křižanovice :
|b Michal Steranka,
|c c2000
|
| 300 |
|
|
|a 18 hlasů ;
|c 26 cm
|
| 490 |
1 |
|
|a Dechová hudba ;
|v S 002
|
| 650 |
0 |
7 |
|a kvapíky (dechový orchestr)
|7 ph316486
|2 czenas
|
| 650 |
0 |
7 |
|a dechová hudba
|7 ph119353
|2 czenas
|
| 655 |
|
7 |
|a hlasy
|7 fd186703
|2 czenas
|
| 830 |
|
0 |
|a Dechová hudba (Steranka)
|
| 910 |
|
|
|a BOA001
|b Mus4-1178.256
|
| 990 |
|
|
|a MU
|
| 991 |
|
|
|b 200702
|c NOV
|
| 996 |
6 |
|
|b 2610297537
|c Mus4-1178.256
|l MZK
|r Sklad / do 1 hodiny
|n 1
|w 000837973
|u 000010
|a 1
|e BOA001
|j MZK50
|s P
|